| 000 | 01226nam a2200349Ia 4500 | ||
|---|---|---|---|
| 001 | dia_88 | ||
| 003 | CHAP | ||
| 005 | 20230831085228.0 | ||
| 008 | 220117s1999 xx 000 0 und d | ||
| 010 | _a170519 | ||
| 020 | _a84-841-2349-2 | ||
| 040 | _cCHAP | ||
| 082 | _a005.3695 N45 1999 | ||
| 100 |
_aNelson, Stephen L. _980802 |
||
| 245 |
_aReferencia rápida de Microsoft Excel 2000 / _c Stephen L. Nelson ; traducción Camelia Sánchez Manzanado |
||
| 260 |
_aMéxico : _b McGraw-Hill, _c1999 |
||
| 300 | _ax, 205 p. | ||
| 500 | _aTítulo original: Microsoft Pocket Guide to Microsoft Excel 2000 | ||
| 503 | _aI. 207349 | ||
| 590 | _aHF5548.4.M523 N45 1999 | ||
| 650 |
_aBusiness _xComputer programs _9147152 |
||
| 650 |
_aElectronic spreadsheets _9147153 |
||
| 650 |
_aHojas de cálculo electrónico _955866 |
||
| 650 | 0 |
_aMicrosoft Excel (Programa de computadora) _9154176 |
|
| 650 |
_aMicrosoft Excel (Computer file) _9147155 |
||
| 650 |
_aNegocios _xProgramas para computadora _9147156 |
||
| 700 |
_aSánchez Manzanado, Camelia, tr. _9147157 |
||
| 901 | _a005.3695 N45 1999 | ||
| 902 | _aM | ||
| 905 | _a5232271999 mx A 8222223322spa16 | ||
| 942 |
_cLIBRO _2ddc |
||
| 999 |
_c170519 _d170519 |
||